Szczegóły MARC21

Kompetencje społeczne człowieka : Konferencja Jubileuszowa z okazji X-lecia Szczecińskiego Telefonu Zaufania, Szczecin - Łukęcin 2003 /

003 -Nazwa inst., której nr kontr. jest w polu 001 [,]
    • @
    • Nazwa instytucji, której n kontrolny jest w polu 001
    • NUKAT
005 -DATA I CZAS OSTATNIEJ MODYFIKACJI [,]
    • @
    • pole kontrolne
    • 20241231090428.0
040 -Instytucja sporządzająca opis [ , ]
    • a
    • Instytucja, która sporządziła opis (NP)
    • SZCZ M/HS
    • c
    • Instytucja, która sporządziła rekord (NP)
    • SZCZ M/HS
942 -Rodzaj dokumentu [ , ]
    • c
    • Rodzaj dokumentu
    • Książka
111 -Hasło główne - nazwa imprezy [2, ]
    • a
    • Nazwa imprezy (NP)
    • Konferencja Jubileuszowa z okazji X-lecia Szczecińskiego Telefonu Zaufania Find
    • d
    • Data imprezy (NP)
    • (2003 ;
    • c
    • Miejsce imprezy (NP)
    • Szczecin).
    • 9
    • KHW
    • 714823
245 -Strefa tytułu i oznaczenia odpowiedzialności [1,0]
    • a
    • Tytuł
    • Kompetencje społeczne człowieka : Find
    • b
    • Ciąg dalszy tytułu (NP)
    • Konferencja Jubileuszowa z okazji X-lecia Szczecińskiego Telefonu Zaufania, Szczecin - Łukęcin 2003 / Find
    • c
    • Pozostałe elementy strefy tytułu i oznaczenia odpowiedzialności (NP)
    • [red. Anna Murawska] ; Polskie Towarzystwo Pomocy Telefonicznej. Oddział w Szczecinie.
246 -Wariant tytułu [1,4]
    • a
    • Tytuł (NP)
    • Konferencja Jubileuszowa X-lecie Szczecińskiego Telefonu Zaufania - kompetencje społeczne człowieka
246 -Wariant tytułu [3,0]
    • a
    • Tytuł (NP)
    • Konferencja Jubileuszowa z okazji X-lecia Szczecińskiego Telefonu Zaufania :
    • b
    • Ciąg dalszy tytułu (NP)
    • kompetencje społeczne człowieka
260 -Strefa adresu wydawniczego [ , ]
    • a
    • Miejsce wydania (P)
    • Szczecin :
    • b
    • Nazwa wydawcy (P)
    • Polskie Towarzystwo Pomocy Telefonicznej. Oddział,
    • c
    • Data wydania (P)
    • [2003]
    • e
    • Miejsce druku (NP)
    • Szczecin :
    • f
    • Nazwa drukarni (P)
    • Dział Poligrafii Akademii Rolniczej).
300 -Strefa opisu fizycznego [ , ]
    • a
    • Określenie formy książki i/lub objętość (NP)
    • 76 s. ;
    • c
    • Format (NP)
    • 24 cm.
336 -Typ zawartości [ , ]
    • a
    • Termin opisujący typ zawartości
    • Tekst
    • b
    • Kod określający zawartość
    • txt
    • 2
    • Źródło (terminu i kodu)
    • rdacontent
337 -Typ mediów [ , ]
    • a
    • Tryb odtwarzania
    • Bez urządzenia pośredniczącego
    • b
    • Kod typu mediów
    • n
    • 2
    • Źródło (terminu i kodu)
    • rdamedia
338 -Typ/rodzaj nośnika [ , ]
    • a
    • Hasło opisujące typ nośnika
    • Wolumin
    • b
    • Kod typu nośnika
    • nc
    • 2
    • Źródło (terminu i kodu)
    • rdacarrier
500 -Uwaga ogólna [ , ]
    • a
    • Uwaga ogólna (NP)
    • Na s. tyt. i okł.: Telefon zaufania 988.
500 -Uwaga ogólna [ , ]
    • a
    • Uwaga ogólna (NP)
    • Data wyd. na podst. daty konferencji.
504 -Uwaga dot. bibliogr. załącznikowej [ , ]
    • a
    • Uwaga dot. bibliografii załącznikowej
    • Bibliogr. przy niektórych ref.
080 -Uniwersalna Klasyfikacja Dziesiętna [ , ]
    • a
    • Symbol klasyfikacji
    • 37.013.42(061)
080 -Uniwersalna Klasyfikacja Dziesiętna [ , ]
    • a
    • Symbol klasyfikacji
    • :159.942(061)
080 -Uniwersalna Klasyfikacja Dziesiętna [ , ]
    • a
    • Symbol klasyfikacji
    • :615.851(061)
650 -Hasło przedmiotowe [ ,7]
    • a
    • Hasło przedmiotowe
    • Uzdolnienia społeczne
    • v
    • Określnik formalny
    • konferencje.
    • 2
    • Źródło terminu
    • kaba
    • 9
    • KHW
    • 714866
980 -Symbol UKD [ , ]
    • a
    • UKD
    • 37.013.42:159.942:615.851](061)
700 -Hasło dodatkowe - nazwa osobowa [1, ]
    • a
    • Nazwa osobowa (NP)
    • Murawska, Anna Find
    • c
    • Dopowiedzenie inne niż daty biograficzne (NP)
    • (pedagogika).
    • e
    • Określenie rodzaju współpracy
    • Red.
    • 9
    • KHW
    • 47850
Numer inwentarzowy Status udost. Lokalizacja Data inwentaryzacji
Pd.159751BG2003-12-19